| 000 | 02194nam0a2200361 4500 | ||
|---|---|---|---|
| 001 | RU\NLR\BIBL_A\022134060 | ||
| 005 | 20260405174357.0 | ||
| 010 |
_a978-5-16-019164-5 _9500 |
||
| 035 | _a(RuMoRGB)012489596 | ||
| 035 | _a(NLR Aleph) 022134060 | ||
| 090 |
_a12844265 _c12844265 |
||
| 100 | _a20240212d2024 |||y0rusy50 ca | ||
| 101 | 0 | _arus | |
| 102 | _aRU | ||
| 105 | _aа|||z|||000yy | ||
| 181 | 0 |
_ai3 _baxxe |
|
| 182 | 0 | _an | |
| 200 | 1 |
_aСибирь-2023 _eна пути социально-экономической трансформации _eмонография _f[Куимов Василий Васильевич, доктор экономических наук, профессор, Сердюк Сергей Станиславович, доктор геолого-минералогических наук, профессор, Ямщиков Андрей Сергеевич, доктор экономических наук, доцент и др.] _gпод редакцией доктора экономических наук, профессора В. В. Куимова, кандидата экономических наук, доцента С. А. Самусенко |
|
| 203 |
_aТекст _bвизуальный _cнепосредственный |
||
| 210 |
_aМосква _cИНФРА-М _d2024 (печ. 2023) |
||
| 215 |
_a221 с. _cил., табл. _d22 |
||
| 225 | 1 | _aНаучная мысль | |
| 300 | _aАвт. указаны на 3-й с. | ||
| 320 | _aБиблиогр.: с. 206-219 (192 назв.) и в подстроч. примеч. | ||
| 607 |
_aСибирь _xНародное хозяйство _91399435 _3RU\NLR\AUTH\66276273 |
||
| 686 | 1 | _aУ03(2Р5)74 | |
| 701 | 1 |
_8rus _7ca _aКуимов _bВ. В. _f1945- _gВасилий Васильевич _3RU\NLR\AUTH\7775620 _958548 |
|
| 701 | 1 |
_8rus _7ca _aСердюк _bС. С. _f1950- _gСергей Станиславович _3RU\NLR\AUTH\7742184 _925129 |
|
| 701 | 1 |
_4070 _7ca _8rus _aЯмщиков _bА. С. _f1973- _gАндрей Сергеевич _92647870 _3RU\NLR\AUTH\770275903 |
|
| 942 | _cBOOK | ||
| 980 | _aNB | ||